Sports Quiz

Random Sports Quiz

Les 10 buteurs les plus rapides Quiz Stats

 Plays Quiz not verified by Sporcle

Challenge
Share
Tweet
Embed
Score 0/10 Timer 05:00
0 Plays Today
Classement Joueur % Correct
8e (85 matches)Diego Costa
80.4%
6e (83 matches)Thierry Henry
68.9%
1er (65 matches)Andy Cole
50%
2e (66 matches)Alan Shearer
48%
4e (72 matches)Fernando Torres
43.9%
9e (86 matches) Luis Suarez
41.9%
3e (68 matches)Ruud Van Nistelrooy
41.2%
10e (87 matches)Ian Wright
27.7%
5e (81 matches)Sergio Agüero
27%
6e (83 matches)Kevin Philipps
10.8%

You're not logged in!

Compare scores with friends on all Sporcle quizzes.
OR
Log In

You Might Also Like...

Show Comments

Extras

Created Apr 26, 2017ReportNominate
Tags:les, outer, plu, rapid

Top Quizzes Today


Score Distribution

Your Account Isn't Verified!

In order to create a playlist on Sporcle, you need to verify the email address you used during registration. Go to your Sporcle Settings to finish the process.

Report this User

Report this user for behavior that violates our Community Guidelines.

Details: